| 000 | 00534nam a2200181Ia 4500 | ||
|---|---|---|---|
| 999 |
_c7948 _d7948 |
||
| 003 | OSt | ||
| 005 | 20200128123631.0 | ||
| 008 | 190216s9999||||xx |||||||||||||| ||und|| | ||
| 020 | _a9788120346369 | ||
| 040 | _coclc | ||
| 082 |
_a658.5 _bCHI/P |
||
| 100 |
_aChitale, A K _91533 |
||
| 245 | 0 |
_aProduct Policy And Brand Management Text And Cases / _cA K Chitale ; Ravi Gupta |
|
| 250 | _a2nd ed. | ||
| 260 |
_bPHI Learning, _c2013. _aNew Delhi: |
||
| 300 | _a290p | ||
| 942 |
_cBK _2ddc _h658.5 _iCHI/P _k658.5 _mCHI/P |
||